La socialisation (notice n° 1925079)
[ vue normale ]
| 000 -LEADER | |
|---|---|
| fixed length control field | 01316cam a2200133 4500500 |
| 005 - DATE AND TIME OF LATEST TRANSACTION | |
| control field | 20260329023140.0 |
| 041 ## - LANGUAGE CODE | |
| Language code of text/sound track or separate title | fre |
| 042 ## - AUTHENTICATION CODE | |
| Authentication code | dc |
| 100 10 - MAIN ENTRY--PERSONAL NAME | |
| Personal name | Darmon, Muriel |
| Relator term | author |
| 245 00 - TITLE STATEMENT | |
| Title | La socialisation |
| 260 ## - PUBLICATION, DISTRIBUTION, ETC. | |
| Name of publisher, distributor, etc. | Armand Colin,<br/> |
| Date of publication, distribution, etc. | 2023.<br/> |
| 520 ## - SUMMARY, ETC. | |
| Summary, etc. | Comment la société construit-elle les individus&#8239;? Quels sont les processus sociaux à travers lesquels nous devenons ce que nous sommes&#8239;? C’est toute la question de la socialisation.Cet ouvrage en dresse un panorama d’ensemble, des écrits des fondateurs de la discipline aux recherches les plus récentes, et propose une grille d’analyse de la façon dont la société nous forme et nous transforme.L’auteure montre comment, au fil du cycle de vie, s’articulent les actions socialisatrices respectives de la famille (et à travers elles de la structure sociale et des rapports sociaux de sexe), des professionnels de l’éducation et des normes éducatives, de l’école, des groupes de pairs, de la vie en couple, du travail, du passage par diverses institutions ou de la participation à diverses interactions.Chacun pourra ainsi mieux mesurer la puissance des processus de socialisation, et leurs enjeux. |
| 856 41 - ELECTRONIC LOCATION AND ACCESS | |
| Uniform Resource Identifier | <a href="https://shs.cairn.info/la-socialisation--9782200631338?lang=fr&redirect-ssocas=7080">https://shs.cairn.info/la-socialisation--9782200631338?lang=fr&redirect-ssocas=7080</a> |
Pas d'exemplaire disponible.




Réseaux sociaux